000 00571nam a2200217Ia 4500
005 20240524130433.0
008 131103s9999 xx 000 0 und d
020 _cRs.645.00
040 _aLoreto College
041 _aEnglish
082 _a519.4
_bSCA
100 _aScarborough,James B.
245 _aNumerical mathematical analysis
_cJames B.Scarborough
250 _a6th ed.
260 _aNew Delhi
_bOxford & IBH Publishing
300 _axxi,600p
650 _aNumerical analysis
651 _aApplied numerical analysis
850 _aLCLIB
942 _cBK
999 _c38750
_d89229